00289nam a2200109 a 4500008004100000050001500041100001900056245004300075260003500118300001700153350000900170120416s1968 ||||||||||||||||| || u aSB 472 Dow aDowden, Gerald12aA concise guide to landscape gardening aLondonbFrederick Mullerc1968 a120p. : ill. a0.00